10 điều kiêng kỵ trong kinh doanh

Spremljeno u:
Bibliografski detalji
Glavni autor: Hoàng, Lâm
Format: Knjiga
Jezik:Undetermined
Izdano: Hải Phòng Nhà xuất bản Hải Phòng 2004
Teme:
Oznake: Dodaj oznaku
Bez oznaka, Budi prvi tko označuje ovaj zapis!
Thư viện lưu trữ: Trung tâm Học liệu Trường Đại học Cần Thơ
LEADER 00555nam a2200205Ia 4500
001 CTU_73941
008 210402s9999 xx 000 0 und d
020 |b 29000 
082 |a 158.1 
082 |b L120 
100 |a Hoàng, Lâm 
245 0 |a 10 điều kiêng kỵ trong kinh doanh 
245 0 |c Hoàng Lâm 
260 |a Hải Phòng 
260 |b Nhà xuất bản Hải Phòng 
260 |c 2004 
650 |a Psychology 
650 |x Application 
904 |i Năm, QHieu 
980 |a Trung tâm Học liệu Trường Đại học Cần Thơ